000 00435nam a2200181Ia 4500
008 090124s9999 xx 000 0 und d
082 _b109272
100 _aखरात श.र.
245 _a तडीपार
250 _a1
260 _c1961
300 _a148
600 _aखरात श.र.
630 _a तडीपार
700 _aखरात श.र.
730 _a तडीपार
942 _cBOOK
999 _c155363
_d155363